Zeszyt licealisty do języka polskiego - klasa 2 : romantyzm, pozytywizm /
Gorde:
| Egile nagusia: | |
|---|---|
| Erakunde egilea: | |
| Formatua: | Liburua |
| Hizkuntza: | poloniera |
| Argitaratua: |
Kraków :
Greg,
1997.
|
| Saila: | Extra Ściąga
|
| Gaiak: | |
| Etiketak: |
Etiketarik gabe, Izan zaitez lehena erregistro honi etiketa jartzen!
|
MARC
| LEADER | 00000nam a2200000 i 4500 | ||
|---|---|---|---|
| 001 | 9912869304605606 | ||
| 005 | 20260515140227.0 | ||
| 008 | 800101s1997 pl r 000 0 pol d | ||
| 020 | |a 8386952253 | ||
| 035 | |a 990001056490207662-48omnis_network | ||
| 035 | |a (Aleph)000105649MBP01 | ||
| 035 | |a (PL)b0000090117069 | ||
| 040 | |a MBPWR |c MBPWR | ||
| 041 | 0 | |a pol | |
| 080 | |a 821.162.1(091)"18" | ||
| 080 | |a 82(091)"17" | ||
| 080 | |a 82(091)"18" | ||
| 080 | |a (075.3) | ||
| 090 | |c 104 |d 103 | ||
| 100 | 1 | |a Florek, Ewa | |
| 245 | 1 | 0 | |a Zeszyt licealisty do języka polskiego - klasa 2 : |b romantyzm, pozytywizm / |c oprac. Ewa Florek. |
| 260 | |a Kraków : |b Greg, |c 1997. | ||
| 300 | |a 185 s. ; |c 21 cm. | ||
| 490 | 1 | |a Extra Ściąga | |
| 505 | 8 | |a Zawiera Mini ściągę na klasówkę. | |
| 650 | 9 | |a Literatura pozytywizmu |x historia | |
| 650 | 9 | |a Literatura pozytywizmu |x historia |z Polska | |
| 650 | 9 | |a Literatura romantyzmu |x historia |z Polska | |
| 710 | 2 | |a Wydawnictwo Greg | |
| 830 | 0 | |a Extra Ściąga | |
| 920 | |a 83-86952-25-3 | ||
| 942 | |c K | ||
| 952 | |0 0 |1 0 |4 0 |6 R__108_000000000000000 |7 0 |9 100 |a RYT |b RYT |d 2026-05-13 |e 1/2014 |g 10.00 |l 0 |o R.108 |p 2000000001081 |r 2026-05-15 14:02:27 |w 2026-05-15 |y BK |z da | ||
| 999 | |c 100 |d 100 | ||